[Event "SVK-ch op-A"]
[Site "Banska Stiavnica"]
[Date "2007.07.10"]
[Round "4.40"]
[White "Csonka, Attila Istvan"]
[Black "Cuker, Dusan"]
[Result "1-0"]
[WhiteElo "2299"]
[BlackElo "2025"]
[PlyCount "67"]
[EventDate "2007.07.07"]
[EventType "swiss"]
[EventRounds "9"]
[EventCountry "SVK"]
[SourceTitle "EXT 2010"]
[Source "ChessBase"]
[SourceDate "2010.11.25"]
[SourceVersion "1"]
[SourceVersionDate "2010.11.25"]
[SourceQuality "1"]

1. e4 d5 2. exd5 Qxd5 3. Nc3 Qa5 4. d4 c6 5. Nf3 Nf6 6. Ne5 Bf5 7. g4 Be6 8. Nc4 Qc7 9. h3 Nbd7 10. Qf3 Nd5 11. Ne4 b5 12. Ne3 Nxe3 13. Qxe3 Bd5 14. Rg1 Bxe4 15. Qxe4 Nf6 16. Qf3 Nd5 17. c3 e6 18. Bd3 Bd6 19. h4 Bf4 20. Be3 a6 21. g5 0-0-0 22. 0-0-0 Nxe3 23. fxe3 Bd6 24. Rgf1 Rd7 25. Kb1 h6 26. c4 b4 27. c5 Be7 28. Qxf7 Bxg5 29. Qxe6 Bxh4 30. Bf5 Rhd8 31. Qc4 Qb7 32. d5 Bf6 33. dxc6 Qxc6 34. Rxd7 1-0